Manual de escritura académica y profesional.
Сохранить в:
| Главный автор: | |
|---|---|
| Формат: | |
| Опубликовано: |
Barcelona, España:
Ariel,
2021-2023
|
| Редактирование: | Quinta edición (v.I). |
| Серии: | Ariel letras.
|
| Предметы: | |
| Метки: |
Добавить метку
Нет меток, Требуется 1-ая метка записи!
|
MARC
| LEADER | 00000nam a2200000 4500 | ||
|---|---|---|---|
| 003 | CL-VaPUC | ||
| 005 | 20231219081152.0 | ||
| 008 | 231005k20212023 ||||| |||| 00| 0 eng d | ||
| 999 | |c 441567 |d 441565 | ||
| 020 | |a 978-84-344-1866-0 (v.I) | ||
| 020 | |a 978-84-344-1867-7 (v.II) | ||
| 040 | |c Pontificia Universidad Católica de Valparaíso | ||
| 082 | 7 | |a 808.066 MON 2021 (v.I) |a 808.066 MON 2023 (v.II) |2 22 | |
| 100 | |a Montolío Durán, Estrella |e directora |9 884908 | ||
| 245 | |a Manual de escritura académica y profesional. | ||
| 250 | |a Quinta edición (v.I). | ||
| 250 | |a Cuarta edición (v.II). | ||
| 260 | |a Barcelona, España: |b Ariel, |c 2021-2023 | ||
| 300 | |a 2 volúmenes. | ||
| 490 | |a Ariel letras. | ||
| 505 | |a v.I. Estrategias gramaticales. v.II. Estrategias discursivas. | ||
| 583 | |k GC |c 20231005 | ||
| 650 | |a Redacción |x Gramática |9 884910 | ||
| 650 | |a Escritura |9 264941 |x Gramática | ||
| 650 | 0 | |a Comunicación escrita |9 345084 | |
| 942 | |2 ddc |c BK | ||
| 952 | |0 0 |1 0 |2 ddc |4 0 |6 808_066000000000000_MON_2021 |7 0 |8 A |9 591858 |a BIBALI |b BIBALI |c GEN |d 2023-10-05 |e 26 |g 47789.00 |h v.I |i 5658971 |l 6 |m 1 |o 808.066 MON 2021 |p 5658971 |r 2025-04-22 |s 2025-04-08 |t 2 |v 47789.00 |w 2023-10-05 |y BK |k ALI | ||
| 952 | |0 0 |1 0 |2 ddc |4 0 |6 808_066000000000000_MON_2021 |7 0 |8 A |9 591859 |a BIBALI |b BIBALI |c GEN |d 2023-10-05 |e 26 |g 47789.00 |h v.I |i 5658972 |l 5 |m 1 |o 808.066 MON 2021 |p 5658972 |r 2025-03-25 |s 2025-03-25 |t 3 |v 47789.00 |w 2023-10-05 |y BK |k ALI | ||
| 952 | |0 0 |1 0 |2 ddc |4 0 |6 808_066000000000000_MON_2021 |7 0 |8 A |9 591860 |a BIBALI |b BIBALI |c GEN |d 2023-10-05 |e 26 |g 47789.00 |h v.I |i 5658970 |l 6 |m 1 |o 808.066 MON 2021 |p 5658970 |r 2025-03-25 |s 2025-03-25 |t 1 |v 47789.00 |w 2023-10-05 |y BK |k ALI | ||
| 952 | |0 0 |1 0 |2 ddc |4 0 |6 808_066000000000000_MON_2023 |7 0 |8 A |9 592882 |a BIBCUR |b BIBCUR |c GEN |d 2023-12-18 |e 3 |g 30936.50 |h v.II |i 5659872 |o 808.066 MON 2023 |p 5659872 |r 2025-04-22 |t 1 |v 30936.50 |w 2023-12-18 |y BK |k PER | ||
| 952 | |0 0 |1 0 |2 ddc |4 0 |6 808_066000000000000_MON_2023 |7 0 |8 A |9 592883 |a BIBCUR |b BIBCUR |c GEN |d 2023-12-18 |e 3 |g 30936.50 |h v.II |i 5659873 |o 808.066 MON 2023 |p 5659873 |r 2025-04-22 |t 2 |v 30936.50 |w 2023-12-18 |y BK |k PER | ||
| 952 | |0 0 |1 0 |2 ddc |4 0 |6 808_066000000000000_MON_2021 |7 0 |8 A |9 592884 |a BIBCUR |b BIBCUR |c GEN |d 2023-12-18 |e 3 |g 30936.50 |h v.I |i 5659871 |o 808.066 MON 2021 |p 5659871 |r 2025-04-22 |t 5 |v 30936.50 |w 2023-12-18 |y BK |k PER | ||
| 952 | |0 0 |1 0 |2 ddc |4 0 |6 808_066000000000000_MON_2021 |7 0 |8 A |9 592885 |a BIBCUR |b BIBCUR |c GEN |d 2023-12-18 |e 3 |g 30936.50 |h v.I |i 5659870 |o 808.066 MON 2021 |p 5659870 |r 2025-04-22 |t 4 |v 30936.50 |w 2023-12-18 |y BK |k PER | ||